Warszawa: która dzielnica? (Warsaw: which district?) #1 - Statystyki

Ogólne statystyki
  • Ten quiz został rozwiązany 1 372 razy
  • Średni wynik to 10 z 18
Statystyki odpowiedzi
Hint Odpowiedź % Poprawnych
al. Wilanowska Mokotów
87%
ul. Marymoncka Bielany
68%
ul. Nowogrodzka Śródmieście
68%
ul. Szwedzka Praga Północ
66%
al. Powązkowska Żoliborz
66%
al. Bitwy Warszawskiej 1920 Ochota
65%
al. Stanów Zjednoczonych Praga Południe
63%
al. Prymasa Tysiąclecia Wola
61%
ul. Radiowa Bemowo
59%
ul. Indiry Gandhi Ursynów
59%
ul. Traktorzystów Ursus
53%
ul. Królowej Marysieńki Wilanów
51%
Kąty Grodziskie Białołęka
45%
ul. Marsa Rembertów
45%
Trakt Brzeski Wesoła
45%
ul. Dźwigowa Włochy
43%
ul. Księcia Ziemowita Targówek
41%
ul. Bronisława Czecha Wawer
40%
Nie znaleziono quizów pasujących do podanych kryteriów
Rozkład punktacji
Procent ludzi z każdym wynikiem
Percentyl według liczby udzielonych odpowiedzi
Twoja historia wyników
Nie rozwiązałeś tego quizu